Javaslat a zsír és a szalonna szegedi árának emeléséről A vendéglői étlapok maximálása - Az ármegállapitó bizottság ülése
Elmentve itt :
| Dokumentumtípus: | Cikk |
|---|---|
| Megjelent: |
1917-01-23
|
| Sorozat: | Délmagyarország
6 No. 17 |
| Kulcsszavak: | Gazdasági élet Szeged 1917, Élelmiszer árak |
| Online Access: | http://dmarchiv.bibl.u-szeged.hu/43518 |
| LEADER | 00546nab a2200145 i 4500 | ||
|---|---|---|---|
| 001 | delm43518 | ||
| 005 | 20180927131954.0 | ||
| 008 | 180927s1917 hu o 0|| hun d | ||
| 040 | |a SZTE Délmagyarország Archívum |b hun | ||
| 041 | |a hun | ||
| 245 | 0 | 0 | |a Javaslat a zsír és a szalonna szegedi árának emeléséről |h [elektronikus dokumentum] : |b A vendéglői étlapok maximálása - Az ármegállapitó bizottság ülése |
| 260 | |c 1917-01-23 | ||
| 300 | |a 3-4 | ||
| 490 | 0 | |a Délmagyarország |v 6 No. 17 | |
| 695 | |a Gazdasági élet Szeged 1917, Élelmiszer árak | ||